Mauricio Dias & Walter Riedweg, Pro Helvetaia (Foundation)
Kaydedildi:
| Diğer Yazarlar: | |
|---|---|
| Materyal Türü: | Kitap |
| Dil: | English |
| Baskı/Yayın Bilgisi: |
Baden, Switzerland:
Pro Helvetia
|
| Seri Bilgileri: | Collection Cahiers dÁrtistes
|
| Konular: | |
| Etiketler: |
Etiketle
Etiket eklenmemiş, İlk siz ekleyin!
|
MARC
| LEADER | 00000nam a22000007a 4500 | ||
|---|---|---|---|
| 008 | 150505s1997 sq acoa|rc||| 000 0 en d | ||
| 020 | |a 9783907044667, 3907044665 | ||
| 040 | |a CRU CIICLA | ||
| 041 | |a eng |h sq | ||
| 082 | |a 709.81 |b M454m | ||
| 245 | 1 | 0 | |a Mauricio Dias & Walter Riedweg, Pro Helvetaia (Foundation) |
| 260 | |a Baden, Switzerland: |b Pro Helvetia |e c1997. | ||
| 300 | |a 63 páginas: |b ilustraciones a color. | ||
| 490 | 1 | |a Collection Cahiers dÁrtistes | |
| 505 | |t Mauricio dias & Walter Riedweg / Sebastián López -- Word trees and Scent Journeys / Verena Mühlberger -- Storytellin does not aim the convey the pure thing itself / Walter Benjamín; translation Catherine Schelbert -- Question marks / Curated by Mary Jane Jacobo. Commissioned by The Arts Festival of Atlanta -- Ungezogene öffentlichkeiten / Maureen Sherlock -- Silence and identity / Mauricio Dias & Walter Riedweg -- Devotonalia do Brasil / Martina Wohthat --Devotion to culture / Caio Ferraz -- Hingabe an die Kultur / Caio Ferrz --Children and teenagers on art= Kinder und jugendiche *uber kunst / Marcelo. | ||
| 600 | 1 | 4 | |a Dias, Maurício |
| 600 | 1 | 4 | |a Riedweg, Walter |
| 600 | 1 | 4 | |a Dias, Maurício de Mello |d 1964- |
| 700 | 1 | |a Balmes, Hans Jürgen |j editor | |
| 942 | |2 ddc |c BK | ||
| 999 | |c 4071 |d 4071 | ||



